Phân tích sự cố và quản lý rủi ro trong xây dựng công trình ngầm

Nội dung sách gồm 8 chường nói vè Khảo sát, phân tích, đánh giá sự cố thi công công trình ngầm điển hình tại Việt Nam, quản lý rủi ro đối với hầm đào lộ thiên, hầm thi công theo phương pháp khoan đào.......

Popoln opis

Shranjeno v:
Bibliografske podrobnosti
Glavni avtor: Lê Quang Hanh (Chủ biên)
Drugi avtorji: Nguyễn Viết Trung
Format: Knjiga
Jezik:Vietnamese
Izdano: H. Xây dựng 2017
Teme:
Oznake: Označite
Brez oznak, prvi označite!
Thư viện lưu trữ: Thư viện Trường Đại học Nam Cần Thơ
LEADER 01815nam a22002537a 4500
001 NCT_50312
008 180913b xxu||||| |||| 00| 0 vie d
999 |c 2404  |d 2404 
020 |a 9786048222048  |c 108000 
082 0 4 |2 23rd ed.  |a 621.19  |b H107 
100 1 |a Lê Quang Hanh   |e Chủ biên 
245 1 0 |a Phân tích sự cố và quản lý rủi ro trong xây dựng công trình ngầm  |c Lê Quang Hanh (chủ biên) ; Nguyễn Viết Trung 
260 |a H.  |b Xây dựng  |c 2017 
300 |a 206 tr.  |b hình vẽ  |c 27cm 
520 3 |a Nội dung sách gồm 8 chường nói vè Khảo sát, phân tích, đánh giá sự cố thi công công trình ngầm điển hình tại Việt Nam, quản lý rủi ro đối với hầm đào lộ thiên, hầm thi công theo phương pháp khoan đào.... 
653 |a Kỹ thuật công trình xây dựng 
700 1 |a Nguyễn Viết Trung 
942 |2 ddc  |c BK 
952 |0 0  |1 0  |2 ddc  |4 0  |6 621_190000000000000_H107  |7 0  |9 13864  |a 000001  |b 000001  |d 2018-09-13  |o 621.19 H107  |p MD.12988  |r 2018-09-13  |v 108000.00  |w 2018-09-13  |y BK 
952 |0 0  |1 0  |2 ddc  |4 0  |6 621_190000000000000_H107  |7 0  |9 13865  |a 000001  |b 000001  |d 2018-09-13  |o 621.19 H107  |p MD.12989  |r 2018-09-13  |v 108000.00  |w 2018-09-13  |y BK 
952 |0 0  |1 0  |2 ddc  |4 0  |6 621_190000000000000_H107  |7 0  |9 13866  |a 000001  |b 000001  |d 2018-09-13  |o 621.19 H107  |p MD.12990  |r 2018-09-13  |v 108000.00  |w 2018-09-13  |y BK 
952 |0 0  |1 0  |2 ddc  |4 0  |6 621_190000000000000_H107  |7 0  |9 13867  |a 000001  |b 000001  |d 2018-09-13  |o 621.19 H107  |p MD.12991  |r 2018-09-13  |v 108000.00  |w 2018-09-13  |y BK 
952 |0 0  |1 0  |2 ddc  |4 0  |6 621_190000000000000_H107  |7 0  |9 13868  |a 000001  |b 000001  |d 2018-09-13  |o 621.19 H107  |p MD.12992  |r 2018-09-13  |v 108000.00  |w 2018-09-13  |y BK 
980 |a Thư viện Trường Đại học Nam Cần Thơ